[Event "Challenge"]
[Site "http://www.queenalice.com/game.php?id=1019558"]
[Date "2012.1.29"]
[Round "-"]
[White "rabbana"]
[Black "DAPONT"]
[Result "0-1"]
[WhiteElo "2090"]
[BlackElo "2087"]

1. e4 c5 2. Nf3 Nc6 3. d4 cxd4 4. Nxd4 Qb6 5. c3 Nf6 6. Nxc6 dxc6 7. Bd3 Bg4 8.
f3 Bh5 9. Qe2 e6 10. Be3 Bc5 11. Bg5 O-O 12. b4 Be7 13. Be3 Qc7 14. O-O Rfd8 15.
Nd2 a5 16. a3 Qe5 17. Bd4 Rxd4 18. cxd4 Qxd4+ 19. Kh1 axb4 20. Nb3 Qd8 21. a4
Nd7 22. f4 Bxe2 23. Bxe2 Nc5 0-1

[Event "Challenge"]
[Site "http://www.queenalice.com/game.php?id=1020074"]
[Date "2012.1.30"]
[Round "-"]
[White "rabbana"]
[Black "carver"]
[Result "1-0"]
[WhiteElo "2056"]
[BlackElo "2059"]

1. e4 e5 2. Nf3 Nc6 3. Bc4 h6 4. d3 Bc5 5. Nc3 d6 6. a3 Bg4 7. h3 Bxf3 8. Qxf3
Nf6 9. Ne2 Qe7 10. Be3 Bxe3 11. fxe3 O-O-O 12. O-O-O Na5 13. Ba2 Rhf8 14. Ng3 g6
15. Rhf1 Ng8 16. Rd2 Kb8 17. Rdf2 h5 18. d4 Nh6 19. b4 d5 20. exd5 exd4 21. exd4
b6 22. bxa5 Qxa3+ 23. Qxa3 1-0

[Event "Challenge"]
[Site "http://www.queenalice.com/game.php?id=1020075"]
[Date "2012.1.30"]
[Round "-"]
[White "carver"]
[Black "rabbana"]
[Result "0-1"]
[WhiteElo "2025"]
[BlackElo "2072"]

1. d4 d5 2. c4 c6 3. Nc3 Nf6 4. Bf4 e6 5. a3 Bd6 6. Bxd6 Qxd6 7. c5 Qc7 8. e3 e5
9. Nf3 exd4 10. exd4 O-O 11. Bd3 Re8+ 12. Ne2 Bg4 13. Ne5 Bxe2 14. Bxe2 Nbd7 15.
f4 b6 16. b4 bxc5 17. bxc5 Ne4 18. O-O Nc3 19. Qd3 Nxe2+ 20. Kh1 f6 21. Nxd7
Qxd7 22. Ra2 Qg4 23. g3 Re4 24. Rb1 Rae8 25. Rab2 Re3 26. Qd2 Qf3# 0-1

[Event "Challenge"]
[Site "http://www.queenalice.com/game.php?id=1022043"]
[Date "2012.1.30"]
[Round "-"]
[White "rabbana"]
[Black "asia"]
[Result "0-1"]
[WhiteElo "2088"]
[BlackElo "2202"]

1. e4 c5 2. Nf3 e6 3. d4 cxd4 4. Nxd4 a6 5. c4 b6 6. Nc3 Bb7 7. Bd3 Qc7 8. O-O
Nf6 9. Be3 Bc5 10. Rc1 Nc6 11. Nc2 Ne5 12. Bxc5 Qxc5 13. Qe2 O-O 14. Ne3 Rfd8
15. Bb1 d6 16. Rfd1 Rac8 17. b3 h5 18. h3 Ng6 19. Nc2 b5 20. Ne3 b4 21. Na4 Qg5
22. f3 Nf4 23. Kh1 Nxe2 0-1

[Event "Challenge"]
[Site "http://www.queenalice.com/game.php?id=1022046"]
[Date "2012.1.30"]
[Round "-"]
[White "asia"]
[Black "rabbana"]
[Result "1-0"]
[WhiteElo "2193"]
[BlackElo "2100"]

1. d4 d5 2. c4 c6 3. Nf3 Nf6 4. Qc2 e6 5. Bg5 Be7 6. e3 Nbd7 7. Nc3 O-O 8. Bd3
Re8 9. O-O h6 10. Bf4 a6 11. b3 b5 12. cxb5 cxb5 13. Nxb5 axb5 14. Bc7 Ba6 15.
Bxd8 Rexd8 16. a4 Rdc8 17. Qe2 Rab8 18. axb5 Bb7 19. Ra7 Rc3 20. Qd2 Rxb3 21.
Qc2 Rb4 22. Rxb7 1-0

[Event "Challenge"]
[Site "http://www.queenalice.com/game.php?id=1023547"]
[Date "2012.1.31"]
[Round "-"]
[White "leoskye"]
[Black "rabbana"]
[Result "0-1"]
[WhiteElo "2014"]
[BlackElo "2077"]

1. d4 d5 2. c4 c6 3. Nf3 Nf6 4. e3 e6 5. Bd3 Bb4+ 6. Bd2 Bd6 7. Nc3 Nbd7 8. O-O
O-O 9. h3 e5 10. Be2 e4 11. Ne1 Bb8 12. g3 Nb6 13. Kg2 Nxc4 14. Bc1 Be6 15. Qc2
Qd7 16. Bxc4 Bxh3+ 17. Kg1 dxc4 18. Ng2 Re8 19. Rd1 Qg4 20. Qe2 Qg5 21. Qxc4
Bxg3 22. fxg3 Qxg3 23. Qe2 Ng4 24. Kf1 Re6 0-1

[Event "Challenge"]
[Site "http://www.queenalice.com/game.php?id=1023549"]
[Date "2012.1.31"]
[Round "-"]
[White "rabbana"]
[Black "leoskye"]
[Result "0-1"]
[WhiteElo "2086"]
[BlackElo "2068"]

1. e4 e6 2. d4 d5 3. Nc3 Bb4 4. e5 c5 5. a3 Bxc3+ 6. bxc3 Qc7 7. Bb5+ Bd7 8.
Bxd7+ Nxd7 9. Ne2 Ne7 10. O-O O-O 11. f4 f5 12. a4 Ng6 13. Be3 b6 14. c4 cxd4
15. Nxd4 Rfe8 16. cxd5 exd5 17. Nb5 Qc6 18. Nd6 Rf8 19. Qd4 Ne7 20. Rfc1 Nc5 21.
c4 Nb3 22. cxd5 Qxc1+ 23. Rxc1 Nxd4 24. Bxd4 Nxd5 25. g3 h6 26. Kf2 Kh7 27. Re1
Ne7 28. Rc1 Nd5 29. Re1 Rad8 30. Kf3 Rd7 31. Ra1 g6 32. a5 Rb8 33. axb6 axb6 34.
Rb1 Ra7 35. Nb5 Ra4 36. Rd1 Rb4 37. Nd6 Rb3+ 38. Kg2 Ra8 39. Rd2 Raa3 40. Bf2
Rd3 41. Rb2 Rab3 42. Ra2 Ra3 43. Rb2 Rab3 44. Ra2 Ne3+ 45. Kh3 Ra3 46. Re2 Rab3
47. Ra2 Ra3 48. Rb2 Rdb3 49. Re2 Nd5 50. Rd2 Nxf4+ 51. Kh4 g5# 0-1

[Event "Challenge"]
[Site "http://www.queenalice.com/game.php?id=1025030"]
[Date "2012.2.2"]
[Round "-"]
[White "rabbana"]
[Black "Alligator427"]
[Result "0-1"]
[WhiteElo "2065"]
[BlackElo "2244"]

1. e4 c5 2. Nf3 Nc6 3. d4 cxd4 4. Nxd4 Nf6 5. Nc3 e5 6. Ndb5 d6 7. Be2 a6 8. Na3
b5 9. Bg5 b4 10. Bxf6 gxf6 11. Qd5 Bb7 12. Bh5 Qd7 13. Na4 Nd4 14. Nb6 Bxd5 15.
Nxd7 Kxd7 16. c3 bxa3 17. cxd4 axb2 18. Rb1 Bxe4 19. Rxb2 Bxg2 20. Rg1 Bd5 21.
dxe5 fxe5 22. Ke2 Bh6 23. Rd1 Bc4+ 24. Kf3 Rab8 25. Rc2 Rhc8 26. Kg3 Be6 27. Re2
Rg8+ 28. Kf3 f5 29. Rxe5 Rb5 30. Ree1 Bxa2 31. Re2 Bd5+ 0-1

[Event "Challenge"]
[Site "http://www.queenalice.com/game.php?id=1025031"]
[Date "2012.2.2"]
[Round "-"]
[White "Alligator427"]
[Black "rabbana"]
[Result "1-0"]
[WhiteElo "2237"]
[BlackElo "2074"]

1. d4 d5 2. c4 c6 3. Nf3 Nf6 4. Nc3 e6 5. e3 Bd6 6. cxd5 exd5 7. Bd3 Bg4 8. Qc2
Nbd7 9. Nd2 Qc7 10. f4 O-O-O 11. h3 Rde8 12. Nf1 Bxf4 13. hxg4 Nxg4 14. Rh3 Re7
15. Bd2 Rhe8 16. O-O-O Bh6 17. Re1 g6 18. Nd1 f5 19. Be2 Ndf6 20. Qa4 Bxe3 21.
Nfxe3 Nxe3 22. Rxe3 Ne4 23. Qxa7 Kd7 24. Ba5 Qc8 25. Bb4 Re6 26. Bf3 g5 27. Bxe4
dxe4 28. Nc3 Qc7 29. Qc5 b6 30. Qxf5 1-0

[Event "Challenge"]
[Site "http://www.queenalice.com/game.php?id=1033710"]
[Date "2012.2.27"]
[Round "-"]
[White "dietanov"]
[Black "rabbana"]
[Result "1-0"]
[WhiteElo "2136"]
[BlackElo "2086"]

1. e4 e5 2. Nf3 Nc6 3. Bb5 a6 4. Ba4 Nf6 5. O-O Be7 6. Re1 b5 7. Bb3 O-O 8. c3
d5 9. exd5 Nxd5 10. Nxe5 Nxe5 11. Rxe5 c6 12. d4 Bd6 13. Re1 Qh4 14. g3 Qh3 15.
Bxd5 cxd5 16. f4 Bg4 17. Qc2 Rae8 18. Qf2 Bf3 19. Bd2 Be4 20. Na3 Re6 21. Rxe4
Rxe4 22. Nc2 Rfe8 23. Re1 Rxe1+ 24. Nxe1 Qf5 25. a3 Qb1 26. Be3 a5 27. Qd2 Qe4
28. Kf2 h5 29. Qd3 f5 30. Bd2 h4 31. Qxb5 hxg3+ 32. hxg3 Re6 33. Nf3 Rh6 34.
Qxa5 Rh1 35. a4 Be7 36. Qb5 Kh7 37. a5 Rh3 38. a6 Bh4 39. Qf1 Rxg3 40. Nxh4 Rd3
41. Qe2 1-0

[Event "Challenge"]
[Site "http://www.queenalice.com/game.php?id=1036934"]
[Date "2012.3.7"]
[Round "-"]
[White "rabbana"]
[Black "gedalias"]
[Result "1-0"]
[WhiteElo "2072"]
[BlackElo "2123"]

1. e4 c5 2. Nf3 Nc6 3. d4 cxd4 4. Nxd4 e6 5. Nb5 d6 6. c4 a6 7. N5c3 g6 8. Be3
Bg7 9. Be2 Nge7 10. O-O d5 11. cxd5 exd5 12. exd5 Ne5 13. f4 Nd7 14. Kh1 Nf5 15.
Bg1 O-O 16. Nd2 Bd4 17. Bxd4 Nxd4 18. Bd3 Nb6 19. Be4 Qd6 20. Nb3 Nf5 21. Bxf5
Bxf5 22. Qd4 Rfe8 23. Nc5 Re7 24. N5e4 Bxe4 25. Nxe4 Qd8 26. Nf6+ Kg7 27. Ne8+
Kh6 28. Qg7+ 1-0

[Event "Challenge"]
[Site "http://www.queenalice.com/game.php?id=1036935"]
[Date "2012.3.7"]
[Round "-"]
[White "gedalias"]
[Black "rabbana"]
[Result "0-1"]
[WhiteElo "2132"]
[BlackElo "2078"]

1. e4 e5 2. Nf3 Nc6 3. Bb5 a6 4. Ba4 Nf6 5. O-O b5 6. Bb3 Be7 7. d3 h6 8. a3 d6
9. Nc3 Bg4 10. Nb1 Nd4 11. Nbd2 Nh5 12. h3 Bxf3 13. Nxf3 Nxf3+ 14. Qxf3 Nf6 15.
Bd2 O-O 16. Qg3 Kh7 17. f4 exf4 18. Qxf4 Nd7 19. Bxf7 Ne5 20. Qf5+ Kh8 21. Qe6
Bf6 22. Bh5 c5 23. Bc3 a5 24. Rab1 b4 25. Bd2 Ra7 26. a4 Re7 27. Qb3 Nc6 28. c3
Qb6 29. Kh1 Ne5 30. Be2 Ree8 31. cxb4 axb4 32. Rbd1 Nc6 33. Qa2 Nd4 34. Bh5 b3
35. Qb1 Ra8 36. a5 Qc7 37. Qc1 Kh7 38. Qc4 Rfb8 39. Bc3 Qe7 40. Bxd4 Bxd4 41.
Rf7 Qg5 42. Rf5 Qg3 43. Qc1 Rxa5 44. Rdf1 Be5 45. Kg1 Qh2+ 46. Kf2 Ra2 0-1

[Event "Challenge"]
[Site "http://www.queenalice.com/game.php?id=1043517"]
[Date "2012.3.28"]
[Round "-"]
[White "rabbana"]
[Black "Lucius1"]
[Result "0-1"]
[WhiteElo "2090"]
[BlackElo "2193"]

1. e4 c5 2. Nf3 e6 3. d4 cxd4 4. Nxd4 Nc6 5. c4 Nf6 6. Nc3 Bc5 7. Nb3 Bb4 8. Qc2
d5 9. cxd5 exd5 10. exd5 Qxd5 11. Bd2 Qe5+ 12. Be2 Bf5 13. Qd1 O-O 14. O-O Rfd8
15. Qe1 Nd4 16. Nxd4 Rxd4 17. Bf3 Qxe1 18. Bxe1 Bd3 19. Ne2 Bxe2 20. Bxe2 Rc8
21. Bd1 a5 22. Bxb4 Rxb4 23. b3 Rd8 24. Rc1 Rbd4 25. Bf3 b6 26. Rc2 Rd2 27. Rxd2
Rxd2 28. Rd1 Rxd1+ 29. Bxd1 Ne4 30. a4 Nc5 31. Bc2 Ne6 32. Bd3 Kf8 33. g3 Nd4
34. Bc4 Ke7 35. Kg2 f6 36. f3 Kd6 37. Kf2 Kc5 38. Ke3 g5 39. f4 gxf4+ 40. gxf4
h5 41. h4 Nf5+ 42. Kd3 Nxh4 43. Ke4 Ng2 44. Bf1 f5+ 45. Ke5 Ne3 46. Bh3 h4 47.
Kf6 Kb4 48. Kg5 Kxb3 49. Kxh4 Kxa4 50. Kg5 Kb4 51. Bxf5 Nxf5 52. Kxf5 a4 0-1

[Event "Challenge"]
[Site "http://www.queenalice.com/game.php?id=1045964"]
[Date "2012.4.5"]
[Round "-"]
[White "eddval"]
[Black "rabbana"]
[Result "1/2-1/2"]
[WhiteElo "2112"]
[BlackElo "2097"]

1. e4 e5 2. Nf3 Nc6 3. d4 exd4 4. Nxd4 Bc5 5. Be3 Qf6 6. c3 Nge7 7. Bb5 a6 8.
Ba4 b5 9. Bb3 Ba7 10. O-O Bb7 11. Nxc6 Nxc6 12. Bxa7 Nxa7 13. Qd4 Qg6 14. Nd2
O-O 15. Qxd7 Rac8 16. Qd4 Nc6 17. Qe3 Rce8 18. Rfe1 Kh8 19. Rad1 f5 20. exf5
Qxf5 21. Qxe8 Qxf2+ 22. Kh1 Ne7 23. Qxf8+ Qxf8 24. Ne4 Bxe4 25. Rxe4 Nf5 26. Rf1
g6 27. Ref4 Qd6 28. R4f3 Qd2 29. R3f2 Qh6 30. Re1 Qh4 31. Kg1 Kg7 32. Bd5 Nd6
33. Rfe2 Nf5 34. Re8 Qf4 35. Bb3 c5 36. Bc2 Nh4 37. R8e7+ Kh6 38. R7e3 Qg4 39.
Be4 a5 40. g3 Nf5 41. Bxf5 Qxf5 42. Re5 Qc2 43. R1e2 Qb1+ 44. Kf2 Qh1 45. h4
Qh2+ 46. Kf3 Qh1+ 47. Kg4 Qd1 48. h5 Qd7+ 49. Re6 Qf7 50. Kh4 Qf3 51. g4 Qh1+
52. Kg3 Qg1+ 53. Rg2 Qd1 54. Re5 Qd3+ 55. Kh2 Qf3 56. g5+ Kxh5 57. Rge2 a4 58.
R5e3 Qf4+ 59. Rg3 Kh4 60. Rg2 b4 61. cxb4 cxb4 62. Rg1 Qe5 63. Rg2 Qf4 1/2-1/2

[Event "Let´s play chess"]
[Site "http://www.queenalice.com/game.php?id=1051745"]
[Date "2012.4.23"]
[Round "-"]
[White "rabbana"]
[Black "Knightequila"]
[Result "1/2-1/2"]
[WhiteElo "2096"]
[BlackElo "2068"]

1. e4 c6 2. d4 d5 3. exd5 cxd5 4. Nf3 Bg4 5. h3 Bxf3 6. Qxf3 Nc6 7. Bb5 Nf6 8.
c4 e6 9. O-O Be7 10. Be3 O-O 11. Nc3 Rc8 12. cxd5 Nxd5 13. Nxd5 Qxd5 14. Qxd5
exd5 15. a3 Bf6 16. Rfd1 a6 17. Be2 Na5 18. Bf3 Rfd8 19. Rd3 Nc4 20. b3 Nxe3 21.
fxe3 b6 22. Kf1 a5 23. Ra2 Be7 24. Ke2 f5 25. a4 Kf7 26. Rdd2 Ke6 27. Rdc2
1/2-1/2

[Event "Challenge"]
[Site "http://www.queenalice.com/game.php?id=1065295"]
[Date "2012.5.29"]
[Round "-"]
[White "rabbana"]
[Black "eddval"]
[Result "1/2-1/2"]
[WhiteElo "2070"]
[BlackElo "2167"]

1. e4 e5 2. Nf3 Nf6 3. Nc3 Nc6 4. Bc4 Bc5 5. d3 h6 6. a3 d6 7. Qe2 Bg4 8. Be3
Nd4 9. Bxd4 Bxd4 10. Nd1 Nh5 11. c3 Nf4 12. Qf1 Bb6 13. Ne3 Bxf3 14. gxf3 g6 15.
Nd5 Qh4 16. Nxf4 Qxf4 17. Qg2 h5 18. Qg3 Qh6 19. Rg1 Rf8 20. b4 O-O-O 21. a4 a5
22. Ke2 c6 23. Rgb1 Kc7 24. Ra3 h4 25. Qh3 f5 26. bxa5 Bxa5 27. Rab3 b6 28. Be6
fxe4 29. fxe4 d5 30. exd5 cxd5 31. Qe3 Qxe3+ 32. fxe3 Rd6 33. Bh3 Rdf6 34. Rf1
Kd6 35. Rxf6+ Rxf6 36. Bg4 Kc5 37. Bf3 Kd6 38. Rb5 Kc7 39. Bxd5 Bxc3 40. Rb1 Ba5
41. Rg1 Kd6 42. Be4 Bb4 43. Bxg6 Ke6 44. Rg4 Be7 45. Be8 Rh6 46. h3 Bc5 47. Re4
Rh8 48. Bb5 Be7 49. d4 Bd6 50. Bc6 Rh6 51. dxe5 Bxe5 52. Rb4 Bc7 53. Bf3 Ke5 54.
Rb5+ Kd6 55. e4 Ke7 56. Ke3 Rh8 57. e5 Rh6 58. Bg4 Rc6 59. Kd4 Rc2 60. e6 Ra2
61. Rb4 Bg3 62. Kd5 Bf2 63. Rf4 Rc2 64. Rf7+ Ke8 65. Bh5 Rc5+ 66. Ke4 Rxh5 67.
Rxf2 Ra5 68. Rb2 Rxa4+ 69. Kf5 Ke7 70. Rxb6 Ra5+ 71. Kg4 Ra4+ 72. Kg5 Rc4 73.
Kh5 Re4 74. Kg5 Rxe6 75. Rxe6+ 1/2-1/2

[Event "Challenge"]
[Site "http://www.queenalice.com/game.php?id=1071030"]
[Date "2012.6.12"]
[Round "-"]
[White "eddval"]
[Black "rabbana"]
[Result "1-0"]
[WhiteElo "2133"]
[BlackElo "2084"]

1. e4 e5 2. Nf3 Nc6 3. d4 exd4 4. Nxd4 Bc5 5. Be3 Qf6 6. c3 Nge7 7. Bb5 Bb6 8.
O-O d6 9. Na3 Bd7 10. Nxc6 Nxc6 11. Nc4 Bxe3 12. Nxe3 O-O-O 13. Nd5 Qe6 14. Qa4
Kb8 15. Rad1 g6 16. Rfe1 h5 17. Qc2 Ne5 18. Bxd7 Rxd7 19. a4 h4 20. f4 Ng4 21.
h3 Nf6 22. Nxf6 Qxf6 23. Qf2 g5 24. e5 Qxf4 25. Qxf4 gxf4 26. exd6 Rxd6 27. Rxd6
cxd6 28. Rf1 Kc7 29. Rxf4 Rh7 30. Kf2 Kd7 31. Kf3 Ke6 32. Ke4 Rh5 33. Kf3 f5 34.
Rd4 Ke5 35. Rd2 d5 36. Re2+ Kf6 37. Kf4 Rg5 38. Rd2 Rg3 39. Rxd5 Rxg2 40. Rxf5+
Ke6 41. b3 Rg3 42. Re5+ Kd6 43. Re3 Rg1 44. Ke4 a5 45. Kd4 Rg5 46. Re4 Rd5+ 47.
Ke3 Rh5 48. Kf3 b6 49. Kg4 Rh7 50. Kg5 Rc7 51. c4 Rh7 52. Rxh4 Rxh4 53. Kxh4 Kc5
54. Kg4 Kb4 55. h4 Kxb3 56. h5 1-0

[Event "Ernesto vs. Rabbana"]
[Site "http://www.queenalice.com/game.php?id=1078865"]
[Date "2012.7.3"]
[Round "-"]
[White "ernesto_che"]
[Black "rabbana"]
[Result "1-0"]
[WhiteElo "2152"]
[BlackElo "2098"]

1. Nf3 d5 2. c4 c6 3. b3 Nf6 4. Bb2 e6 5. e3 Bd6 6. Qc2 Nbd7 7. Nc3 O-O 8. Be2
e5 9. O-O Qe7 10. cxd5 cxd5 11. Nb5 Bb8 12. Ba3 Qe8 13. Bxf8 Nxf8 14. Rac1 e4
15. Nfd4 Qe5 16. f4 exf3 17. Nxf3 Qh5 18. Qxc8 Bxh2+ 19. Nxh2 Qxe2 20. Qxa8 Qxb5
21. Rc8 Nd7 22. Qxa7 1-0

[Event "Challenge"]
[Site "http://www.queenalice.com/game.php?id=1083321"]
[Date "2012.7.16"]
[Round "-"]
[White "rabbana"]
[Black "ernesto_che"]
[Result "0-1"]
[WhiteElo "2074"]
[BlackElo "2156"]

1. e4 c5 2. Nf3 Nc6 3. d4 cxd4 4. Nxd4 g6 5. Nc3 Bg7 6. Be3 Nf6 7. f3 O-O 8. Qd2
d5 9. O-O-O dxe4 10. fxe4 Ng4 11. Nxc6 Qxd2+ 12. Bxd2 bxc6 13. Be1 a5 14. h3 Ne5
15. g4 a4 16. a3 Be6 17. Bh4 Rfe8 18. Be2 Bc4 19. Rhe1 Bxe2 20. Rxe2 Nf3 21. Bf2
Bxc3 22. bxc3 Red8 23. Re3 Ne5 24. Rd4 c5 25. Rxd8+ Rxd8 26. Re2 Rc8 27. Rd2 Nc4
28. Rd7 Nxa3 29. Ra7 Nb5 30. Rxa4 Nxc3 31. Rc4 Ne2+ 32. Kd2 Nf4 33. h4 Ne6 34.
Be3 Kf8 35. Kc3 Ke8 36. Ra4 Kd7 37. Kc4 Kd6 38. Ra5 Ke5 39. Kd3 Rc7 40. c4 Rd7+
41. Ke2 Kxe4 42. Bxc5 Nf4+ 43. Kf2 Rd2+ 44. Ke1 Rc2 45. Kd1 Rxc4 46. Bxe7 Nd5
47. Bg5 Rc7 48. Ra4+ Kf3 49. Kd2 f6 50. Bh6 Nb6 51. Rf4+ Kg3 52. Rxf6 Nc4+ 53.
Ke2 Re7+ 54. Kf1 Kxh4 55. g5 Kg3 0-1